ბათუმის შოთა რუსთაველის სახელმწიფო უნივერსიტეტის ბიბლიოთეკა

Краткий справочник архитектора. (ბიბ.ჩანაწერი № 41422)

000 -LEADER
fixed length control field 00695nam a2200205Ia 4500
001 - CONTROL NUMBER
control field 8084
003 - CONTROL NUMBER IDENTIFIER
control field GE_BSU
008 - FIXED-LENGTH DATA ELEMENTS--GENERAL INFORMATION
fixed length control field 181216s||||||||xx |||||||||||||| ||und||
040 ## - CATALOGING SOURCE
Transcribing agency GE_BSU
080 ## - UNIVERSAL DECIMAL CLASSIFICATION NUMBER
Universal Decimal Classification number 72(035)
245 ## - TITLE STATEMENT
Title Краткий справочник архитектора.
245 ## - TITLE STATEMENT
Statement of responsibility, etc. Ред.колл. В.В.Бабунов, П.Н.Блохин, Н.П.Быликин и др. Ред. А.П.Горшков.
260 ## - PUBLICATION, DISTRIBUTION, ETC.
Place of publication, distribution, etc. М.
260 ## - PUBLICATION, DISTRIBUTION, ETC.
Name of publisher, distributor, etc. Изд-во лит. по строительству и архитектуре.
260 ## - PUBLICATION, DISTRIBUTION, ETC.
Date of publication, distribution, etc. 1952.
300 ## - PHYSICAL DESCRIPTION
Extent 530стр. 19см.
300 ## - PHYSICAL DESCRIPTION
Accompanying material табл.
653 ## - INDEX TERM--UNCONTROLLED
Uncontrolled term Краткий справочник архитектора.
942 ## - ADDED ENTRY ELEMENTS (KOHA)
Koha item type წიგნი
ეგზემპლარები
Withdrawn status Lost status Damaged status Not for loan Date acquired Barcode Date last seen Price effective from Koha item type
        2018-12-17 10257 2018-12-17 2018-12-17 წიგნი